000 00716nam a2200169 4500
001 8065
005 20181127185014.0
090 0 0 _a954.92
100 0 0 _a Tasneem, Saida Muna.
_eeditor
245 0 0 _aCelebrating Bangladesh /
_b
_cSaida Muna Tasneem; Muhammad Nasir Uddin; Azizur Rahman; Monemul Haque; Bangladesh. Ministry of Foreign Affairs. External Publicity Division.
_h
260 0 0 _aDhaka :
_bExternal Publicity Wing, Ministry of Foreign Affairs, Bangladesh,
_c2009.
300 0 0 _a89 pages : color illustrations ; 21 x 30 cm.
500 0 0 _a"December 2009"--Title page verso.
650 0 0 _aBangladesh -- Social life and customs.
_x
650 0 0 _aFasts and feasts -- Bangladesh.
_x
650 0 0 _aFestivals -- Bangladesh.
_x
999 _c6944
_d6944